000 00306nam a2200121Ia 4500
008 191201s2015 xx 000 0 und d
100 _aDUTTA,B.N.
245 0 _aEstimating & Costing in Civil Engineering
260 _aN. delhi
_bUSB PUB
_c2015
300 _a204
650 _aB.Tech(CE)
942 _2ddc
_cBK
_052
999 _c6498
_d6498